000 00775nam a2200265 4500
001 4069
003 BD-RjUL
005 20211208233828.0
008 131221s1970 ii b 001 0 eng d
035 _a(BD-RjUL)4103
040 _aDLC
_cDLC
_dDLC
_d(BD-RjUL)
_beng
041 _aeng
082 0 0 _a382.0954
_bGUW
100 1 _aGupta, Kulwant Rai,
_d1933-
_912937
245 1 0 _aWorking of state trading in India /
_c[by] K. R. Gupta.
260 _aNew Delhi,
_bS. Chand,
_c[1970]
300 _avi, 343 p. ;
_c23 cm.
350 _aRs40.00
504 _aIncludes bibliographical references.
610 2 0 _aState Trading Corporation of India, ltd.
_912943
650 0 _aGovernment trading
_zIndia.
_912939
942 _2ddc
_cBK
999 _c4069
_d4069